000
00250nam a2200097Ia 4500
008
240331s9999 xx 000 0 und d
082
_a
291
_b
LIB
100
_a
Logo. ed
245
0
_a
Libraticve Trends in Hinduism Buddhism Christianity and Islam
942
_c
L
999
_c
857
_d
857